| Tag |
First Indicator |
Second Indicator |
Subfields |
| LEADER |
00000cam a22000004a 4500 |
| 001 |
in00003202521 |
| 005 |
20151204205521.0 |
| 008 |
120710s2013 laua b 001 0 eng |
| 010 |
|
|
|a 2012027974
|
| 020 |
|
|
|a 9780807150047 (cloth : alk. paper)
|
| 020 |
|
|
|a 0807150045 (cloth : alk. paper)
|
| 020 |
|
|
|a 9780807150054 (pdf : alk. paper)
|
| 020 |
|
|
|a 0807150053 (pdf : alk. paper)
|
| 020 |
|
|
|a 9780807150061 (epub : alk. paper)
|
| 020 |
|
|
|a 0807150061 (epub : alk. paper)
|
| 020 |
|
|
|a 9780807150078 (mobi : alk. paper)
|
| 020 |
|
|
|a 080715007X (mobi : alk. paper)
|
| 035 |
|
|
|a (OCoLC)ocn799253832
|
| 040 |
|
|
|a DLC
|c DLC
|d UtOrBLW
|
| 042 |
|
|
|a pcc
|
| 043 |
|
|
|a n-us---
|a n-usu--
|
| 049 |
|
|
|a TXAM
|
| 050 |
0 |
0 |
|a E458.8
|b .K44 2013
|
| 082 |
0 |
0 |
|a 973.7/13
|2 23
|
| 100 |
1 |
|
|a Keehn, David C.
|
| 245 |
1 |
0 |
|a Knights of the Golden Circle :
|b secret empire, southern secession, Civil War /
|c David C. Keehn.
|
| 264 |
|
1 |
|a Baton Rouge :
|b Louisiana State University Press,
|c 2013.
|
| 300 |
|
|
|a vii, 308 pages :
|b illustrations ;
|c 24 cm.
|
| 336 |
|
|
|a text
|b txt
|2 rdacontent
|
| 337 |
|
|
|a unmediated
|b n
|2 rdamedia
|
| 338 |
|
|
|a volume
|b nc
|2 rdacarrier
|
| 504 |
|
|
|a Includes bibliographical references and index.
|
| 505 |
0 |
|
|a Prologue: the shadowy knights -- Powerful antecedents -- Formal organization -- The drive for Mexico -- A regional coalition -- Transforming to secession -- The paramilitary's core -- Seizure of federal forts and arsenals -- The plot to seize the District of Columbia -- Rustling Texas out of the Union -- Spreading secession -- Call to arms -- The struggle for Kentucky -- A rejuvenated KGC?
|
| 610 |
2 |
0 |
|a Knights of the Golden Circle
|x History.
|
| 650 |
|
0 |
|a Secret societies
|z United States
|x History
|y 19th century.
|
| 650 |
|
0 |
|a Secession
|z Southern States
|x History
|y 19th century.
|
| 650 |
|
0 |
|a Government, Resistance to
|z United States
|x History
|y 19th century.
|
| 651 |
|
0 |
|a United States
|x History
|y Civil War, 1861-1865
|x Societies, etc.
|
| 651 |
|
0 |
|a United States
|x History
|y Civil War, 1861-1865
|x Underground movements.
|
| 945 |
|
|
|a PromptCat
|
| 946 |
|
|
|a stk
|
| 947 |
|
|
|a A14835741670
|
| 948 |
|
|
|a cataloged
|b h
|c 2013/5/22
|d c
|e dmitchel
|f 10:00:00 am
|
| 994 |
|
|
|a 92
|b TXA
|
| 999 |
|
|
|a MARS
|
| 999 |
f |
f |
|s dc7269bc-40cf-39f6-aab2-caddbd20185f
|i f973c6f5-a6ee-3228-be98-cf7595d9bcfc
|t 0
|
| 952 |
f |
f |
|p normal
|a Texas A&M University
|b College Station
|c Sterling C. Evans Library
|d Evans: Library Stacks
|t 0
|e E458.8 .K44 2013
|h Library of Congress classification
|i unmediated -- volume
|m A14835741670
|
| 998 |
f |
f |
|a E458.8 .K44 2013
|t 0
|l Evans: Library Stacks
|